000 00641nam a2200205 i 4500
001 108089
003 ES-MaACL
005 20250916063048.0
007 t|
008 070122q19201929sp ||||1| spa d
080 _a821.134.2-82"19"
100 1 _aPosada, Adolfo,
_d1860-1944
_993316
245 1 2 _aLa llama íntima
_b: meditaciones, ensayos, recuerdos /
_cAdolfo Posada.
260 _aValencia :
_bPrometeo,
_c[192-?]
300 _a218 p. ;
_c19 cm.
490 1 _aBiblioteca filosófica y social
830 0 _aBiblioteca filosófica y social
_9232923
852 _aES-MaACL
_jE-11484
_bR.138581
999 _c108089
_d108089